MDQL
is popping MORE tags! Check the
thread
!
Quizzes
Events
Quiz Creation
Community
Videos
Private Events
Remove Ads
Sign In
Join for FREE
Feedback
Dark Mode
Quiz Categories
Sports
Geography
Music
Movies
Television
Just For Fun
Miscellaneous
History
Literature
Language
Science
Gaming
Entertainment
Religion
Holiday
For Kids
Quiz Lab
Recent
Popular Today
Quiz Kudos Today
Editor Picks
Curator Picks
Quizzes by...
Day
Popularity
Type
Ratings
Length
Year
Community
Subscriptions
Recent Discussions
Orange Saloon
Badges
Playlists
Quests
Create
Leaderboards
Showdown
Live 5
Trivia Bingo
Activity
Puzzle Library
Sporcle Events
Private Events
Virtual Trivia
Globe League
Become a Host
Pub Owners
SporcleCon
Opinionation
Our Games
Videos
Blog
Mobile Apps
Partnerships
Remove Ads and Go Orange
Feedback
Just For Fun
Clickable
Get the Picture
Humor
Quick Pick
Word Ladder
Missing Word
Mixed Word
Blitz
Minefield
This or That
Alphabet
Color
Typing
Sporcle
Puzzle
Word Play
Follow That Line
Logic
Just For Fun
Clickable
Get the Picture
Humor
Quick Pick
Word Ladder
Missing Word
Mixed Word
Blitz
Minefield
This or That
Alphabet
Color
Typing
Sporcle
Puzzle
Word Play
Follow That Line
Logic
Random Quiz
Search Sporcle
×
Quiz Lab
Quiz Lab
Just For Fun
Video Games
Type in answers that appear in a list
Type in answers that appear in a list
Classic
Best Score? Go Orange.
Halo Reach Literal Stats
Can you name the Halo Reach Literal?
By
Kithsom
10m
127 Questions
26 Plays
26 Plays
26 Plays
Comments
Comments
Give Quiz Kudos
Give Quiz Kudos
-
- Ratings
hide this ad
Replay
Link that replays current quiz
Next Quiz
Link to next quiz in quiz playlist
You Got
0%
They Got
Avg Score
36%
Avg Friend Score
Upgrade to see
Score Distribution
Jump to the score distribution portion of the page
Score
0/127
Timer
10:00
0
Plays Today
% Correct
Halo
69.2%
Reach
65.4%
gun
46.2%
gun
46.2%
in
46.2%
in
46.2%
the
46.2%
the
46.2%
the
46.2%
the
46.2%
the
46.2%
the
46.2%
from
42.3%
shot
42.3%
that
42.3%
to
42.3%
shot
42.3%
you
42.3%
to
42.3%
to
42.3%
to
42.3%
space
38.5%
this
38.5%
space
38.5%
scene
38.5%
avatar
38.5%
arm
38.5%
it
38.5%
go
38.5%
turn
38.5%
it
38.5%
what's
38.5%
his
38.5%
DOG
38.5%
TAGS
38.5%
his
38.5%
BLUE
38.5%
what's
38.5%
LIGHT
38.5%
off
38.5%
space
38.5%
is
38.5%
of
38.5%
% Correct
Blood
34.6%
violence
34.6%
zoom
34.6%
fade
34.6%
september
34.6%
dodge
34.6%
pebbles
34.6%
nicely
34.6%
done
34.6%
battle
34.6%
begins
34.6%
exit
34.6%
warthog
34.6%
peek
34.6%
at
34.6%
bad
34.6%
guys
34.6%
girl
34.6%
has
34.6%
everybody
34.6%
stares
34.6%
at
34.6%
Snipe
34.6%
at
34.6%
battle
34.6%
suspense
34.6%
forward
34.6%
why
34.6%
wasn't
34.6%
turned
34.6%
already
34.6%
forward
34.6%
now
34.6%
you're
34.6%
dead
34.6%
Catch
34.6%
pull
34.6%
him
34.6%
him
34.6%
up
34.6%
guys
34.6%
mouths
34.6%
bigger
34.6%
% Correct
there
34.6%
pincer
34.6%
need
34.6%
with
34.6%
hand
34.6%
these
34.6%
guys
34.6%
these
34.6%
guys
34.6%
dodge
34.6%
plasma
34.6%
global
34.6%
warming
34.6%
side
30.8%
helicopter
30.8%
night-time
30.8%
City's
30.8%
burning
30.8%
a
30.8%
hey
30.8%
airplane
30.8%
take
30.8%
help
30.8%
fighting
30.8%
GOT
30.8%
ONE
30.8%
lightning
30.8%
shooting
30.8%
least
30.8%
their
30.8%
worries
30.8%
a
30.8%
akward
26.9%
front
26.9%
thanks
26.9%
going
26.9%
but
26.9%
keep
26.9%
most
26.9%
anticipa
26.9%
a robot
23.1%
Quiz Playlist
Details
Report
Send in Message
Add To Playlist
Classic:
Type in answers that appear in a list
Last Updated: Feb 16, 2017
Quiz Scoreboard
CHALLENGE
Sign Up to Join the Scoreboard
Show All
Scores
Hide
Comments
May contain spoilers
Recently Published
Image Sorting: Flags VI
by Barbecue
Geography
2m
Find the 'City' Movie
by crazypaving
Movies
60s
Colored Red Africa Blitz
by spor1
Geography
45s
More to Explore
Quiz From the Vault
Featured Blog Post
14 Easter Pick-up Lines to Find Eggs With
hide this ad
You Might Also Like...
Tags
Video Games Quiz
halo
reach
sci-fi
space
Today's Top Quizzes in Just For Fun
Browse Just For Fun
hide this ad
Today's Top Quizzes in Video Games
Browse Video Games
Top Contributed Quizzes in Just For Fun
1
Name Just One - 10 to 1: Just For Fun
2
Avatar the Last Airbender: Logic Puzzle
3
Missing Word: 2-Letter A-Z II
4
Missing Letter Whitney Houston Songs
5
It's Magic / Witchcraft 🎩🪄🧙♀️
6
Survivor Winners Logic Puzzle
7
Missing Word: 'Of' Things A-Z
8
01-36 Logic Puzzle I
9
Quick 5-Color Logic (18)
10
Shadowhunters Protagonists Logic Quiz
Explore More
Trending Topics
Anime
Crossword
Harry Potter
Disney
NBA
Kpop
Marvel
WWE
Pokémon
Soccer
NFL
Puzzle
The Office
Song
Country
hide this ad
More By:
Kithsom
Quiz
Plays
Rating
Category
Featured
Created
Skyrim: The Elder Scrolls V Literal
1,077
1.43
Gaming
May 14, 2012
Assassins Creed Brotherhood literal
426
5.00
Gaming
Mar 10, 2012
Mass Effect 3 Literal
352
2.14
Gaming
Apr 26, 2012
Assassins Creed revalations literal
225
5.00
Gaming
Apr 26, 2012
Iron Man 3 Literal
202
5.00
Just For Fun
Jan 22, 2013
Go to Creator's Profile
Score Distribution
Quiz Creator Spotlight
Kithsom
Follow
Send a Message
Quizzes Created
-
Created Quiz Play Count
-
More By This Creator
Popular Quizzes Today
1
Colored Red Africa Blitz
2
Find the US States - No Outlines Minefield
3
Find the 'City' Movie
4
5x2 Blitz: Bands
5
The Countries of the World
6
Find the US States
7
Find the Countries of Europe - No Outlines Minefield
8
US States
More Just For Fun Quizzes
Quick Pick: Viola Davis Films
Published
Trending Quizzes
Colored Red Europe Blitz I
Colored Red Europe Blitz II
Colored Red Africa Blitz II
Colored Red Europe Blitz III
Colored Red Africa Blitz III
Recently Updated
How Do You Spell That?
pecheneg
Godzilla Movies
pecheneg
Grab Bag: 4-10 Letters
pecheneg
2024 March Madness Bracket
pecheneg
Famous TV Couples
Peacemaker
Champions League XIs: Real Madrid
pecheneg
Largest US Cities 1790-2010
pecheneg
Rides in Walt Disney World
pecheneg
Most Oscar Losses (Acting)
pecheneg
Beyoncé Albums
pecheneg
Trending Topics
Kpop
Crossword
Harry Potter
Disney
Anime
NBA
Marvel
The Office
Soccer
Puzzle
Song
Country
WWE
Pokémon
NFL
Your Account Isn't Verified!
In order to create a playlist on Sporcle, you need to verify the email address you used during registration. Go to your
Sporcle Settings
to finish the process.
Report this User
Report this user for behavior that violates our
Community Guidelines
.
Details:
Send Report
Go to the Sporcle.com Mobile Site →
Comments